000 00861nam a2200217Ia 4500
001 7312
005 20260323160521.0
008 260306t2015||||xx |||||||||||||| ||spa||
041 _aESP
082 _a338.5
_bN54 2015
100 _aNicholson, Walter
_eAUT
245 0 _aTeoría microeconómica:
_bprincipios básicos y ampliaciones
260 _c2015
300 _axxi, 757 páginas :
_c27 cm.
650 _aGEN
654 _aCAN
856 _uhttps://itmsp.museknowledge.com/UCSP?url=https://www.ebooks7-24.com:443/?il=1311&pg=1
_zVersión digital
856 _uhttps://0u213tqxr-y-https-ebooks7--24-com.itmsp.museknowledge.com/biblioteca.aspx
_zVéase además: Base de datos Ebook7-24
856 _uhttps://0u20ftqxv-y-https-research-ebsco-com.itmsp.museknowledge.com/c/qxo6us/search
_zVéase además: Base de datos EBSCOhost
942 _cLIB
_dJUS
_fJUS
_2ddc
999 _c7312
_d7312